Advanced accounting part II / (Record no. 293227)
[ view plain ]
| 000 -LEADER | |
|---|---|
| fixed length control field | 00542nam a2200217Ia 4500 |
| 008 - FIXED-LENGTH DATA ELEMENTS--GENERAL INFORMATION | |
| fixed length control field | 160404s9999 xx 000 0 und d |
| 020 ## - INTERNATIONAL STANDARD BOOK NUMBER | |
| International Standard Book Number | 971-12-0239-5 |
| 050 ## - LIBRARY OF CONGRESS CALL NUMBER | |
| Classification number | FIL HF 5635 |
| 050 ## - LIBRARY OF CONGRESS CALL NUMBER | |
| Item number | .M45 2000 |
| 100 ## - MAIN ENTRY--PERSONAL NAME | |
| Personal name | Mejorada, Nenita D. |
| 245 ## - TITLE STATEMENT | |
| Title | Advanced accounting part II / |
| 245 ## - TITLE STATEMENT | |
| Statement of responsibility, etc | Nenita D. Mejorada. |
| 250 ## - EDITION STATEMENT | |
| Edition statement | 4th Edition |
| 260 ## - PUBLICATION, DISTRIBUTION, ETC. (IMPRINT) | |
| Place of publication, distribution, etc | Manila : |
| 260 ## - PUBLICATION, DISTRIBUTION, ETC. (IMPRINT) | |
| Name of publisher, distributor, etc | Goodwill Tradaing Co., Inc., |
| 260 ## - PUBLICATION, DISTRIBUTION, ETC. (IMPRINT) | |
| Date of publication, distribution, etc | 2000 |
| 300 ## - PHYSICAL DESCRIPTION | |
| Extent | 285 pages : |
| 300 ## - PHYSICAL DESCRIPTION | |
| Other physical details | illustrations ; |
| 300 ## - PHYSICAL DESCRIPTION | |
| Dimensions | 25 cm. |
| 650 ## - SUBJECT ADDED ENTRY--TOPICAL TERM | |
| Topical term or geographic name as entry element | Accounting. |
| Withdrawn status | Lost status | Damaged status | Home library | Current library | Shelving location | Date acquired | Total Checkouts | Full call number | Barcode | Date last seen | Price effective from | Koha item type |
|---|---|---|---|---|---|---|---|---|---|---|---|---|
| South Mansfield College | South Mansfield College | Filipiniana Section | 03/07/2005 | FIL HF 5635 .M45 2000 | SMC00639 | 04/04/2016 | 04/04/2016 |